<?xml version="1.0" encoding="UTF-8"?>
<record
    xmlns:xsi="http://www.w3.org/2001/XMLSchema-instance"
    xsi:schemaLocation="http://www.loc.gov/MARC21/slim http://www.loc.gov/standards/marcxml/schema/MARC21slim.xsd"
    xmlns="http://www.loc.gov/MARC21/slim">

  <leader>00407nam a2200157Ia 4500</leader>
  <controlfield tag="008">230718s9999    xx            000 0 und d</controlfield>
  <datafield tag="041" ind1=" " ind2=" ">
    <subfield code="a">eng</subfield>
  </datafield>
  <datafield tag="082" ind1=" " ind2=" ">
    <subfield code="a">954.9045</subfield>
    <subfield code="b">DIX</subfield>
  </datafield>
  <datafield tag="100" ind1=" " ind2=" ">
    <subfield code="a">Dixit J.N.</subfield>
    <subfield code="9">111020</subfield>
  </datafield>
  <datafield tag="245" ind1=" " ind2=" ">
    <subfield code="a">India-Pakistan In  War And Peace</subfield>
  </datafield>
  <datafield tag="260" ind1=" " ind2=" ">
    <subfield code="c">2002</subfield>
    <subfield code="b">India Today Group</subfield>
  </datafield>
  <datafield tag="300" ind1=" " ind2=" ">
    <subfield code="a">500</subfield>
  </datafield>
  <datafield tag="365" ind1=" " ind2=" ">
    <subfield code="c">Rs.</subfield>
    <subfield code="b">595.00</subfield>
  </datafield>
  <datafield tag="700" ind1=" " ind2=" ">
    <subfield code="a">Dixit J.N.</subfield>
    <subfield code="9">111020</subfield>
  </datafield>
  <datafield tag="906" ind1=" " ind2=" ">
    <subfield code="d">B:471313-Jun-2002</subfield>
    <subfield code="c">INST</subfield>
  </datafield>
  <datafield tag="999" ind1=" " ind2=" ">
    <subfield code="c">303725</subfield>
    <subfield code="d">303725</subfield>
  </datafield>
  <datafield tag="952" ind1=" " ind2=" ">
    <subfield code="0">0</subfield>
    <subfield code="1">0</subfield>
    <subfield code="2">ddc</subfield>
    <subfield code="4">0</subfield>
    <subfield code="7">4</subfield>
    <subfield code="a">CCEP</subfield>
    <subfield code="b">CCEP</subfield>
    <subfield code="d">2002-06-28</subfield>
    <subfield code="e">Technical Book Services</subfield>
    <subfield code="f">INST</subfield>
    <subfield code="g">595.00</subfield>
    <subfield code="i">4713</subfield>
    <subfield code="l">1</subfield>
    <subfield code="o">954.9045</subfield>
    <subfield code="p">CCEP-BK-14932</subfield>
    <subfield code="r">2024-11-15 00:00:00</subfield>
    <subfield code="s">2023-10-31</subfield>
    <subfield code="v">595.00</subfield>
    <subfield code="w">2002-06-13</subfield>
    <subfield code="y">BK</subfield>
    <subfield code="z">014932</subfield>
  </datafield>
</record>
